000 00310nam a2200133Ia 4500
005 20251222143109.0
008 251222s9999||||xx |||||||||||||| ||spa||
020 _a84-493-0615-9
082 _a155.42/G37
100 _aGesell, Arnold
245 0 _aEl Niño de 5 a 10 años
264 _bPaidós
942 _cLIB
999 _c11112
_d11112